000 03379cam a22011894i 4500
003 PE-LiUPU
005 20250813185507.0
008 150625s2004 pe rb 000 0 spa d
035 _a(Sirsi) a35898
040 _aPE-LiUPU
_bspa
_cPE-LiUPU
_erda
082 0 4 _a342.51
_bV27
_221
100 1 _aValle-Riestra, Javier,
_eautor.
245 1 0 _aTratado de la extradición.
_n3 /
_cJavier Vale-Riestra.
264 1 _aLima, Perú :
_bAFA, Editores Importadores S.A.,
_c2004.
300 _a716 páginas :
_bilustraciones, rts. ;
_c20 cm.
336 _atext
_2rdacontent
337 _aunmediated
_2rdamedia
338 _avolume
_2rdacarrier
490 0 _aVol. III ;
_vVol. III
504 _aIncluye bibliografía.
505 0 _aLa Interpol, su historia, organización.-Estatutos, reglamento y organigrama de Interpol.-Alegatos judiciales de Javier Valle-Riestra, como defensor de oficio, en la audiencia provincial Madrileña en dos casos de extradición estrictamente comunes, celebrados en España (1970-1976) y dictámenes forenses preparados en Madrid (1992) y Lima (2003-2004).-Jurisprudencia sobre extradiciónes activas y pasivas del Perú. Sentencias; Ejecutorias supremas y resoluciones expedidas en extradiciónes activas y pasivas conforme a la Ley de 1888 y a la vigente Ley N° 24710.-Jurisprudencia en extradiciónes de ex jefes de estado.
526 _aP202
526 _aP201
526 _aP163
526 _aP162
526 _aP161
526 _aP160
526 _aP148
526 _aP147
526 _aP146
526 _aP145
526 _aP144
526 _aP143
526 _aP142
526 _aP141
526 _aP140
526 _aP139
526 _aP138
526 _aP137
526 _aP136
526 _aP135
526 _aP134
526 _aP133
526 _aP129
526 _aP128
526 _aP127
526 _aP120
526 _aP119
526 _aP118
526 _aP116
526 _aP115
526 _aP114
526 _aP110
526 _aP109
526 _aP108
526 _aP104
526 _aP103
526 _aP102
526 _aP99
526 _aP98
526 _aP97
526 _aP96
526 _aP95
526 _aP93
526 _aP90
526 _aP89
526 _aP88
526 _aP83
526 _aP82
526 _aP62
526 _aP59
526 _aP58
526 _aP57
526 _aP51
526 _aP49
526 _aP48
526 _aP47
526 _aP29
526 _aP24
526 _aP20
526 _aP19
526 _aP17
526 _aP15
526 _aP14
526 _aP12
526 _aP10
526 _aP09
526 _aP08
526 _aP07
526 _aP06
526 _aP05
526 _aP04
526 _aP01
650 0 4 _aAsilo (Derecho internacional privado).
650 0 4 _aInterpol
_xHistoria
_y1956.
910 _bnm
_caj
_d20050315
942 _2ddc
_cBOOK
949 _a342.51 V27 3
_wDEWEY
_c1
_i53814
_lCCODEBUL1
_mBUL
_p10
_r0
_sY
_tBOOK
_u2015-06-25
_xFCE
_zUNKNOWN
_0COMPRA
_o.STAFF. Colección General
596 _a1
999 _a342.51 V27 3
_wDEWEY
_c43911
_i53814
_f2021-11-5
_g6
_lCCODEBUL1
_mBUL
_p12.00
_r0
_sY
_tBOOK
_u2015-6-25
_xBIBLIOTECA
_zUNKNOWN
_0COMPRA
_o.STAFF. Colección General
_d43911
980 _81
_gALBERTO SANCHEZ Responsable de Automatización